06676nam a2200721 a 450000100060000000300090000600800410001502000180005604000280007404100080010208200170011010000330012724501010016025000110026126000470027230000170031960002060033665000330054265000290057565000360060465100390064094200120067999900150069195201310070695201280083795201330096595201320109895201330123095201360136395201330149995201330163295201310176595201310189695201340202795201330216195201330229495201440242795201240257195201420269595201220283795201340295995201350309395201330322895201350336195201380349695201330363495201320376795201320389995201460403195201400417795201390431795201410445695201340459795201670473195201310489895201310502995201320516095201320529295201320542495201320555695201330568895201330582125870CO-ViMGA141112s2004 ck r 000 u spa d a9789589177860 aCO-ViMGAbspacCO-ViMGA aSPA04a920.0861 R271 aHoyos Gómez, Camilo94029010aRetratos de nuestras gentes / cCamilo Hoyos Gómez... [et al.] ; editor Conrado Zuluaga Osorio a1a ed. aBogotá : bMinisterio de Cultura, c2012 a291 p. : il. aARENAS BETANCOURT, RODRIGO, 1919 - 1995 / GALAN SARMIENTO, LUIS CARLOS, 1943 - 1989 / GARCIA MARQUEZ, GABRIEL, 1928 - / MORALES LOPEZ, JOSE A., 1914 - 1978 / PADILLA, JOSE PRUDENCIO, 1788 - 182894029114aARTISTAS COLOMBIANOS 94029214aAUTORES COLOMBIANOS 93214aINTELECTUALES - COLOMBIA940293 aCOLOMBIA - VIDA INTELECTUAL940294 2ddccBK c5435d5435 00102ddc40708GENaMEGRANADbMEGRANADcGEOd2022-11-11l0o920.0092861pGRA12871r2022-11-11 00:00:00tEj.1w2022-11-11yBK 00102ddc40708GENaMEGRANADbMEGRANADcGEOd2022-11-11o920.0092861pGRA10827r2022-11-11 00:00:00tEj.1w2022-11-11yBK 00102ddc40708GENaMEDORADObMEDORADOcGENd2023-01-18l0o 920.0861 R27pDOR00861r2023-01-18 00:00:00tEj.1w2023-01-18yBK 00102ddc40708GENaMEDORADObMEDORADOcGENd2023-01-18o920.0092861 R27pDOR00985r2023-01-18 00:00:00tEj.1w2023-01-18yBK 00102ddc40708GENaMEGUAMALbMEGUAMALcGENd2023-04-17l0o920.0861 R27pGUA003180r2023-04-17 00:00:00tEj.1w2023-04-17yBK 00102ddc40708GENaMEGUAMALbMEGUAMALcGENd2023-04-17l0o920.0092861 R27pGUA003181r2023-04-17 00:00:00tEj.1w2023-04-17yBK 00102ddc40708GENaMEPRICObMEPRICOcGENd2023-04-19l0o920.0861 R27pPR000001012r2023-04-19 00:00:00tEj.1w2023-04-19yBK 00102ddc40708GENaMEPRICObMEPRICOcGENd2023-04-19l0o920.0861 R27pPR000001013r2023-04-19 00:00:00tEj.1w2023-04-19yBK 00102ddc40708GENaMEFTEORObMEFTEOROcGENd2023-05-18l0o920.0861 R27pFo00651r2023-05-18 00:00:00tEj.1w2023-05-18yBK 00102ddc40708GENaMECASTILbMECASTILcGENd2023-07-12o920.0092861 R27pEC01037r2023-07-12 00:00:00tEj.2w2023-07-12yBK 00102ddc40708GENaMEMACAREbMEMACAREcGENd2023-08-02l0o920.0092861 R27pLM00351r2023-08-02 14:59:32tEj.2w2023-08-02yBK 00102ddc40708GENaMECUBARRbMECUBARRcGENd2023-08-11l0o920.0861 R27 pCUB03044r2023-08-11 19:27:43tEj.1w2023-08-11yBK 00102ddc40708GENaMECUBARRbMECUBARRcGENd2023-08-11l0o920.0861 R27 pCUB03045r2023-08-11 19:28:30tEj.2w2023-08-11yBK 00102ddc40708001aMEVIGACOMbMEVIGACOMd2015-12-04h29/ago/2014l0o920.0092861 R27 p27163r2015-12-04 00:00:00tEj. 2w2015-12-04yBK 00102ddc40708001aMEVIGACOMbMEVIGACOMd2019-03-14l0o920.0092861 R27 p32759r2019-03-14 00:00:00w2019-03-14yBK 00102ddc40708003aMEVIECARbMEVIECARd2015-12-04h10/jul/2014l0o920.0092861 R27 p10827r2015-12-04 00:00:00tEj. 1w2015-12-04yBK 00102ddc40708003aMEVIECARbMEVIECARd2019-03-14l0o920.0092861 R27 p32758r2019-03-14 00:00:00w2019-03-14yBK 00102ddc40708GENaMECASTILbMECASTILcGENd2023-09-19l0o920.0092861 R27pEC01523r2023-09-19 22:11:49tEj.1w2023-09-19yBK 00102ddc40708GENaMESMARTIbMESMARTIcGENd2023-11-25l0o920.009861 R27pSM002852r2023-11-25 14:08:30tEj.1w2023-11-25yBK 00102ddc40708GENaMESMARTIbMESMARTIcGENd2023-11-25l0o920.0861 R27pSM002853r2023-11-25 14:22:45tEj.2w2023-11-25yBK 00102ddc40708GENaMEMAPIRIbMEMAPIRIcGENd2024-01-10l0o920.0861 R27pMAP00001551r2024-01-10 16:14:51tEj.1w2024-01-10yBK 00102ddc40708GENaMEMAPIRIbMEMAPIRIcGENd2024-01-10l0o920.0092861 R27pMAP00001552r2024-01-10 16:16:45tEj.1w2024-01-10yBK 00102ddc40708GENaMECUMARAbMECUMARAcLITd2024-07-23l0o920.0092861R27pCUM1320r2024-07-23 14:56:41tEj.1w2024-07-23yBK 00102ddc40708GENaMEURIBEbMEURIBEcGENd2024-08-20l0o920.009861 R27pURI01210r2024-08-20 14:41:38tEj.1w2024-08-20yBK 00102ddc40708GENaMEURIBEbMEURIBEcGENd2024-08-20l0o920.009861 R27pURI01211r2024-08-20 14:43:29tEj.2w2024-08-20yBK 00102ddc4070aMEVHERMObMEVHERMOd2024-09-03k920.0092861R27Ej.1l0o920.0092861pVIST 0001437r2024-09-03 15:36:30tEj.1w2024-09-03yBK 00102ddc4070aMEVHERMObMEVHERMOd2024-09-03k920.0861R27Ej.1l0o920.0861pVIST 0001438r2024-09-03 15:39:45tEj.1w2024-09-03yBK 001040708001aMEVIGERRbMEVIGERRcGENd2006-11-27o920.0092861 R27pECA2639r2024-11-26 08:55:10tEj.1w2024-11-26yBKz3872 | 5676 001040708014aMEVIGERRbMEVIGERRcREFd2015-01-21oR 920.0861 R27pECA23575r2024-11-26 08:55:10tEj.1w2024-11-26yBKz17565 | 22507 00102ddc40708GENaMEPLLERASbMEPLLERAScGENd2025-01-17l0o920.0861 R27pPLL01723r2025-01-17 11:21:13tEj.1w2025-01-17yBK 00112ddc4070aMEMACYARIbMEMACYARId2021-04-12eministerio de culturaf9789589177860l0o920.0861 R27p9789589177860r2025-04-15 15:14:50tEj.3w2025-04-15yBK 00102ddc40708GENaMESGUARObMESGUAROcGENd2025-07-02l0o920.0861 R27pSG03505r2025-07-02 15:27:28tEj.1w2025-07-02yBK 00102ddc40708GENaMESGUARObMESGUAROcGENd2025-07-02l0o920.0861 R27pSG03506r2025-07-02 15:30:13tEj.1w2025-07-02yBK 00102ddc40708GENaMEPLOPEZbMEPLOPEZcGENd2025-08-29l0o920.0861 R27pPLZ03010r2025-08-29 20:57:48tEj.1w2025-08-29yBK 00102ddc40708GENaMEPLOPEZbMEPLOPEZcGENd2025-08-29l0o920.0861 R27pPLZ03040r2025-08-30 14:39:18tEj.2w2025-08-29yBK 00102ddc40708GENaMEPLOPEZbMEPLOPEZcGENd2025-08-29l0o920.0861 R27pPLZ03041r2025-08-30 14:39:53tEj.2w2025-08-29yBK 00102ddc40708GENaMELEJANIbMELEJANIcGENd2025-12-09l0o920.0861 R27pLEJ01555r2025-12-09 20:02:24tEj.1w2025-12-09yBK 00102lcc40708GENaMEPCONCObMEPCONCOcGENd2026-03-04l0o920.0861 R27pPCON02505r2026-03-04 16:19:29tEj.1w2026-03-04yBK 00102lcc40708GENaMEPCONCObMEPCONCOcGENd2026-03-04l0o920.0861 R27pPCON02506r2026-03-04 16:20:04tEj.1w2026-03-04yBK